[Event "TCh-RUS HL 2022"]
[Site "Sochi RUS"]
[Date "2022.05.01"]
[Round "1.1"]
[Board "1"]
[White "Bocharov, Dmitry"]
[Black "Skvortsov, Andrei"]
[Result "1-0"]
[WhiteTitle "GM"]
[WhiteElo "2516"]
[BlackElo "2166"]
[WhiteTeam "Sbornaya Novosibirskoy oblasti"]
[BlackTeam "Yuridicheskiy fakultet MGU (g. Moskva)"]
[WhiteFideId "4138716"]
[BlackFideId "24108600"]
[EventDate "2022.05.01"]

1. Nf3 d5 2. g3 Nf6 3. Bg2 c5 4. O-O Nc6 5. d4 cxd4 6. Nxd4 e5 7. Nxc6 bxc6 8.
c4 Be7 9. Nc3 Be6 10. Bg5 e4 11. Qa4 O-O 12. Rad1 Qb6 13. cxd5 cxd5 14. Bxf6
Bxf6 15. Nxd5 Bxd5 16. Rxd5 Qxb2 17. e3 Rab8 18. Bxe4 Rb4 19. Qc2 Qxc2 20. Bxc2
Rc8 21. Bb3 Rc7 22. Rfd1 Kf8 23. Kg2 g6 24. f4 h5 25. Kf3 Be7 26. R1d3 f5 27. h3
Rb6 28. g4 hxg4+ 29. hxg4 fxg4+ 30. Kxg4 Rbc6 31. Rb5 Rb6 32. Ra5 Rd6 33. Bd5
Rb6 34. Bb3 Kg7 35. Rad5 Rbc6 36. e4 Kf8 37. e5 Rc1 38. Rb5 R1c5 39. Rb8+ Rc8
40. Rxc8+ Rxc8 41. Rd7 a5 42. Ra7 Rc5 43. Ra8+ Kg7 44. Rg8+ Kh7 45. Re8 Rc7 46.
Ra8 Bb4 47. Bd5 Rd7 48. Be6 Rc7 49. Ra6 Re7 50. Bd5 Rd7 51. Be4 Rg7 52. a4 Kh6
53. f5 Re7 54. Rxg6+ Kh7 55. e6 Rg7 56. f6 1-0

[Event "TCh-RUS HL 2022"]
[Site "Sochi RUS"]
[Date "2022.05.01"]
[Round "1.1"]
[Board "3"]
[White "Obgolts, Erik"]
[Black "Izabakarov, Kamil"]
[Result "1-0"]
[WhiteTitle "FM"]
[WhiteElo "2437"]
[BlackElo "1943"]
[WhiteTeam "Sbornaya Novosibirskoy oblasti"]
[BlackTeam "Yuridicheskiy fakultet MGU (g. Moskva)"]
[WhiteFideId "24199044"]
[BlackFideId "24198129"]
[EventDate "2022.05.01"]

1. d4 e6 2. Nf3 Nf6 3. Bf4 b6 4. e3 Bb7 5. Nbd2 c5 6. c3 Be7 7. h3 d6 8. Bb5+
Nc6 9. dxc5 bxc5 10. Nc4 e5 11. Qa4 Qc7 12. Na5 Rc8 13. Nxb7 Qxb7 14. Ba6 Qxb2
15. O-O O-O 16. Bxc8 Rxc8 17. Bg5 Qxc3 18. Qa6 Rc7 19. Bxf6 Bxf6 20. Rab1 h6 21.
Rfc1 Qa5 22. Rb8+ Kh7 23. Qd3+ g6 24. Rb5 e4 25. Qb1 Qa6 26. Nd2 Re7 27. Rb3 Qa4
28. Rc4 Qa6 29. Rxe4 Be5 30. Rc4 Nb4 31. a3 Nd5 32. Rc1 Nb6 33. f4 Bg7 34. Rd3
c4 35. Rxd6 Qxa3 36. Rd8 Qxe3+ 37. Kh1 Qxf4 38. Nf3 c3 39. Rf1 Re2 40. Qb5 Qe4
41. Qa6 Qe7 42. Rb8 Nd5 43. Rb7 Qe3 44. Rxf7 c2 45. Nh4 Nf4 46. Qf6 Ne6 47.
Qxg6+ Kg8 48. Nf5 Qg5 49. Rxg7+ 1-0

[Event "TCh-RUS HL 2022"]
[Site "Sochi RUS"]
[Date "2022.05.01"]
[Round "1.1"]
[Board "4"]
[White "Alieva, Rukhen"]
[Black "Khubukshanov, Erdem"]
[Result "0-1"]
[BlackTitle "FM"]
[WhiteElo "1493"]
[BlackElo "2392"]
[WhiteTeam "Yuridicheskiy fakultet MGU (g. Moskva)"]
[BlackTeam "Sbornaya Novosibirskoy oblasti"]
[WhiteFideId "24173320"]
[BlackFideId "54114527"]
[EventDate "2022.05.01"]

1. d4 d5 2. Nf3 Nf6 3. e3 c5 4. b3 Nc6 5. Bb2 Bg4 6. h3 Bh5 7. Bd3 e6 8. O-O
cxd4 9. exd4 Bd6 10. Nbd2 Rc8 11. a3 O-O 12. Re1 Qc7 13. c4 Bf4 14. Qc2 dxc4 15.
bxc4 Qd8 16. Be2 Na5 17. Rad1 Bxd2 18. Nxd2 Bxe2 19. Rxe2 Nxc4 20. Qb3 Nxd2 21.
Rdxd2 Qd5 22. Qd3 Qc4 23. Qf3 Nd5 24. Re1 Qb5 25. Re5 Rc6 26. Rde2 Rfc8 27. Qe4
Qb3 28. Qg4 g6 29. h4 Rc2 30. Rxe6 Qxb2 31. Re8+ Rxe8 32. Rxe8+ Kg7 33. Qg5 Qc1+
34. Qxc1 Rxc1+ 35. Kh2 Rd1 36. Rb8 b6 37. Rb7 a5 0-1

[Event "TCh-RUS HL 2022"]
[Site "Sochi RUS"]
[Date "2022.05.01"]
[Round "1.2"]
[Board "1"]
[White "Muromtsev, Arthur"]
[Black "Gordievsky, Dmitry"]
[Result "1-0"]
[WhiteTitle "FM"]
[BlackTitle "GM"]
[WhiteElo "2129"]
[BlackElo "2559"]
[WhiteTeam "ChESSPSh_RU - Polina (g. Moskva)"]
[BlackTeam "Russkaya shakhmatnaya shkola-1 (g. Moskva)"]
[WhiteFideId "4177002"]
[BlackFideId "24112798"]
[EventDate "2022.05.01"]

1. e4 e5 2. Nf3 Nf6 3. Nxe5 d6 4. Nf3 Nxe4 5. c4 Nc6 6. Nc3 Nxc3 7. dxc3 Bg4 8.
Be3 Be7 9. Qc2 Qd7 10. Bd3 a6 11. h3 Be6 12. O-O-O h6 13. Kb1 O-O 14. g4 b5 15.
c5 Rab8 16. b3 a5 17. Nd4 b4 18. c4 a4 19. Be4 Nxd4 20. Bxd4 Rfe8 21. f4 Qd8 22.
f5 Bd7 23. c6 Bc8 24. Qb2 Bf6 25. Bxf6 gxf6 26. Bd5 Re5 27. Rhe1 Qe7 28. Qd2 Kg7
29. Rxe5 fxe5 30. Qf2 Qf6 31. Be4 Ra8 32. h4 Kf8 33. Qg3 Qg7 34. Qf3 Ra5 35. Rg1
f6 36. Rg2 Ke7 37. g5 fxg5 38. hxg5 hxg5 39. Rh2 Kf6 40. Qh5 d5 41. cxd5 Ra8 42.
d6 cxd6 43. Qd1 1-0

[Event "TCh-RUS HL 2022"]
[Site "Sochi RUS"]
[Date "2022.05.01"]
[Round "1.2"]
[Board "2"]
[White "Kryakvin, Dmitry"]
[Black "Kopylov, Artem"]
[Result "1/2-1/2"]
[WhiteTitle "GM"]
[WhiteElo "2556"]
[BlackElo "2123"]
[WhiteTeam "Russkaya shakhmatnaya shkola-1 (g. Moskva)"]
[BlackTeam "ChESSPSh_RU - Polina (g. Moskva)"]
[WhiteFideId "4153278"]
[BlackFideId "44139365"]
[EventDate "2022.05.01"]

1. c4 Nf6 2. Nf3 e6 3. Nc3 c5 4. e3 Nc6 5. d4 d5 6. a3 cxd4 7. exd4 Be7 8. c5
Ne4 9. Qc2 e5 10. Bb5 exd4 11. Nxd4 Bd7 12. Bxc6 Bxc6 13. Nxc6 bxc6 14. Nxe4
dxe4 15. Qxe4 O-O 16. Qc4 Bf6 17. O-O Qd4 18. Qc2 Rab8 19. Rd1 Qe5 20. Rb1 a5
21. b4 axb4 22. axb4 Rfe8 23. g3 Qe4 24. Qxe4 Rxe4 25. Bd2 Rc4 26. Rbc1 Rxc1 27.
Rxc1 Kf8 28. Rc2 Ra8 29. Kg2 Ra3 30. b5 cxb5 31. c6 Ra8 32. Kf3 Ke7 33. Ke4 Ke6
34. c7 Rc8 35. Bf4 g5 36. Rc6+ Ke7 37. Bd2 Bg7 38. Kd5 Kd7 39. Ba5 Be5 40. Rb6
Bxc7 41. Rb7 b4 42. Bxb4 Ra8 43. Bc5 Ra5 44. g4 Kc8 45. Rb1 Kd7 46. Rb7 Kc8 47.
Rb1 Kd7 1/2-1/2

[Event "TCh-RUS HL 2022"]
[Site "Sochi RUS"]
[Date "2022.05.01"]
[Round "1.2"]
[Board "3"]
[White "Yarikov, Artem"]
[Black "Grebnev, Aleksey"]
[Result "1/2-1/2"]
[BlackTitle "FM"]
[WhiteElo "1995"]
[BlackElo "2453"]
[WhiteTeam "ChESSPSh_RU - Polina (g. Moskva)"]
[BlackTeam "Russkaya shakhmatnaya shkola-1 (g. Moskva)"]
[WhiteFideId "24218103"]
[BlackFideId "34189030"]
[EventDate "2022.05.01"]

1. d4 Nf6 2. Nf3 d5 3. c4 e6 4. Nc3 Bb4 5. Qa4+ Nc6 6. e3 O-O 7. Bd2 dxc4 8.
Bxc4 a6 9. Qc2 Bd6 10. a3 e5 11. dxe5 Nxe5 12. Nxe5 Bxe5 13. f4 Bxc3 14. Bxc3
Ng4 15. Bd4 c5 16. Bxc5 Re8 17. O-O Nxe3 18. Bxe3 Rxe3 19. Qf2 Re8 20. Rad1 Qf6
21. Qd4 Bg4 22. Qxf6 gxf6 23. Rd4 Rad8 24. Rxd8 Rxd8 25. h3 Bf5 26. Bb3 Rd6 27.
g4 Be4 28. Re1 Rd3 29. Rxe4 Rxb3 30. Rb4 Rxh3 31. Kg2 Rd3 32. Rxb7 Kg7 33. Rb6
h6 34. Rxa6 1/2-1/2

[Event "TCh-RUS HL 2022"]
[Site "Sochi RUS"]
[Date "2022.05.01"]
[Round "1.2"]
[Board "4"]
[White "Vetokhin, Savva"]
[Black "Derevschikov, Nikita"]
[Result "1-0"]
[WhiteTitle "FM"]
[WhiteElo "2383"]
[BlackElo "1697"]
[WhiteTeam "Russkaya shakhmatnaya shkola-1 (g. Moskva)"]
[BlackTeam "ChESSPSh_RU - Polina (g. Moskva)"]
[WhiteFideId "44144474"]
[BlackFideId "24266965"]
[EventDate "2022.05.01"]

1. e4 c5 2. Nf3 e6 3. d4 cxd4 4. Nxd4 a6 5. c4 Bb4+ 6. Nc3 Ne7 7. Be2 O-O 8. Nc2
Ba5 9. Bf4 Bxc3+ 10. bxc3 d5 11. exd5 exd5 12. Ne3 Be6 13. Qb3 Nbc6 14. Rd1 d4
15. O-O b5 16. Qb2 Ng6 17. Bg3 Qf6 18. cxd4 Rad8 19. Nc2 bxc4 20. Qc3 Rd7 21.
Bxc4 h5 22. Bxe6 Qxe6 23. Rde1 Qf6 24. Be5 Ncxe5 25. dxe5 Qg5 26. Re4 Re8 27. f4
Qf5 28. Qe3 Rde7 29. Nd4 Qd7 30. Nf3 Qd5 31. Re1 Qxa2 32. Ng5 Qd5 33. Qf3 h4 34.
Qh5 Qc5+ 35. Kh1 Qc8 36. e6 f6 37. Qh7+ Kf8 38. Qxg6 fxg5 39. fxg5 Kg8 40. Rxh4
Rxe6 41. Qh7+ Kf8 42. Rf4+ Ke7 43. Qxg7+ Kd6 44. Qd4+ Kc6 45. Rc1+ Kb7 46. Rf7+
R8e7 47. Rxe7+ Rxe7 48. Qb4+ 1-0

[Event "TCh-RUS HL 2022"]
[Site "Sochi RUS"]
[Date "2022.05.01"]
[Round "1.3"]
[Board "1"]
[White "Onischenko, Andrey"]
[Black "Trushnikov, Sergey"]
[Result "0-1"]
[WhiteElo "2074"]
[BlackElo "2525"]
[WhiteTeam "Sport glukhikh (shakhmaty)"]
[BlackTeam "Gorod Armavir (Krasnodarskiy kray)"]
[WhiteFideId "14700417"]
[BlackFideId "34299360"]
[EventDate "2022.05.01"]

1. e4 g6 2. d4 Bg7 3. Nc3 d6 4. f4 a6 5. a4 Nc6 6. Be3 Nf6 7. Nf3 O-O 8. Bd3 Ng4
9. Qd2 e5 10. fxe5 Nxe3 11. Qxe3 dxe5 12. d5 Nd4 13. O-O Bg4 14. Nd1 Nxf3+ 15.
gxf3 Bh3 16. Re1 Qh4 17. Qf2 Qe7 18. Ne3 Bf6 19. Qg3 Bd7 20. Re2 Bh4 21. Qg2 Kh8
22. Kh1 b5 23. a5 Rae8 24. c4 b4 25. Rc2 Qc5 26. Qg1 b3 27. Rc3 Rb8 28. Ng4 Qd4
29. c5 f5 30. Ne3 fxe4 31. Bxe4 Rb5 32. Rd1 Bf2 33. Qg5 Bxe3 34. Rxd4 Bxg5 35.
Rdd3 Rxa5 36. c6 Bh3 37. Rd1 Be7 38. Rxb3 Rb5 0-1

[Event "TCh-RUS HL 2022"]
[Site "Sochi RUS"]
[Date "2022.05.01"]
[Round "1.3"]
[Board "3"]
[White "Shalagin, Vladimir"]
[Black "Ivanov, Alexander Al."]
[Result "1-0"]
[BlackTitle "GM"]
[WhiteElo "1934"]
[BlackElo "2400"]
[WhiteTeam "Sport glukhikh (shakhmaty)"]
[BlackTeam "Gorod Armavir (Krasnodarskiy kray)"]
[WhiteFideId "34191990"]
[BlackFideId "4126360"]
[EventDate "2022.05.01"]

1. e4 d6 2. Nf3 Nf6 3. Nc3 e5 4. d4 Nc6 5. h3 Be7 6. Bc4 O-O 7. Be3 a6 8. a4
exd4 9. Nxd4 Nxd4 10. Qxd4 Be6 11. Bxe6 fxe6 12. Rd1 Qd7 13. e5 Ne8 14. exd6 Bf6
15. Qb4 Bxc3+ 16. Qxc3 cxd6 17. Qb3 Rf6 18. O-O Qf7 19. c3 Rc8 20. Qb4 d5 21.
Bd4 Rf4 22. Qb6 Qd7 23. Rfe1 Nd6 24. b3 Rc6 25. Qa5 Qc8 26. Rd3 Nf5 27. g3 Nxd4
28. cxd4 Rf6 29. Re2 Kf7 30. Kg2 Qc7 31. Qb4 Qb6 32. Qd2 a5 33. Ree3 Kg8 34. Rf3
Rxf3 35. Rxf3 Rc8 36. Qf4 Qc7 37. Qg4 Qe7 38. Re3 Rc6 39. h4 Qf6 40. Rf3 Qe7 41.
Qf4 Rc8 42. Qe5 Qd7 43. Re3 Re8 44. h5 h6 45. f4 Kf7 46. g4 Rc8 47. g5 Rc2+ 48.
Kh3 hxg5 49. fxg5 Rf2 50. Rc3 Rf5 51. Rc7 Rxe5 1-0

[Event "TCh-RUS HL 2022"]
[Site "Sochi RUS"]
[Date "2022.05.01"]
[Round "1.3"]
[Board "4"]
[White "Derjabin, Ilja"]
[Black "Shajakhmetov, Linat"]
[Result "1/2-1/2"]
[WhiteTitle "IM"]
[WhiteElo "2353"]
[BlackElo "2075"]
[WhiteTeam "Gorod Armavir (Krasnodarskiy kray)"]
[BlackTeam "Sport glukhikh (shakhmaty)"]
[WhiteFideId "14104768"]
[BlackFideId "24123587"]
[EventDate "2022.05.01"]

1. d4 d5 2. Nc3 Nf6 3. Bg5 Bf5 4. g3 e6 5. Bg2 c5 6. Nf3 Nc6 7. O-O h6 8. Bf4
Be7 9. a3 cxd4 10. Nxd4 Nxd4 11. Qxd4 O-O 12. Rac1 Qa5 13. Qa4 Qxa4 14. Nxa4 b5
15. Nc3 a6 16. Rfe1 Rac8 17. e4 dxe4 18. Nxe4 Nxe4 19. Bxe4 Bxe4 20. Rxe4 Bf6
21. c3 Rfd8 22. Kf1 Rd5 23. Ke2 Kf8 24. Rd1 Rcd8 25. Rxd5 exd5 26. Rb4 d4 27.
cxd4 Rxd4 28. Rxd4 Bxd4 1/2-1/2

[Event "TCh-RUS HL 2022"]
[Site "Sochi RUS"]
[Date "2022.05.01"]
[Round "1.4"]
[Board "1"]
[White "Uskov, Artem"]
[Black "Pavlov, Mark"]
[Result "0-1"]
[WhiteTitle "FM"]
[BlackTitle "FM"]
[WhiteElo "2403"]
[BlackElo "2401"]
[WhiteTeam "Severnyy kharakter (g. Moskva)"]
[BlackTeam "Russkaya shakhmatnaya shkola-2 (g. Moskva)"]
[WhiteFideId "34254854"]
[BlackFideId "34178829"]
[EventDate "2022.05.01"]

1. d4 Nf6 2. c4 c5 3. d5 e6 4. Nc3 exd5 5. cxd5 d6 6. e4 g6 7. f4 Bg7 8. Bb5+
Nfd7 9. a4 Qh4+ 10. g3 Qd8 11. Nf3 O-O 12. O-O Na6 13. Re1 Nc7 14. Bd3 Nf6 15.
Kg2 b6 16. e5 dxe5 17. d6 e4 18. Nxe4 Nce8 19. Nxf6+ Bxf6 20. Be4 Rb8 21. f5 g5
22. h4 Nxd6 23. Nxg5 Nxe4 24. Nxe4 Bxf5 25. Qf3 Bxe4 26. Rxe4 Bg7 27. h5 f5 28.
Re2 Qd7 29. Bg5 Qb7 30. Rd1 Qxf3+ 31. Kxf3 h6 32. Bh4 Rfe8 33. Rde1 Kf8 34. Kf4
Bxb2 35. Re7 Rxe7 36. Rxe7 Re8 37. Rxa7 c4 38. Kxf5 Re5+ 39. Kf4 Rxh5 40. Rc7
Be5+ 41. Kg4 Rxh4+ 0-1

[Event "TCh-RUS HL 2022"]
[Site "Sochi RUS"]
[Date "2022.05.01"]
[Round "1.4"]
[Board "2"]
[White "Novozhilov, Semen"]
[Black "Yashmetov, Mikhail"]
[Result "0-1"]
[BlackTitle "FM"]
[WhiteElo "2029"]
[BlackElo "2319"]
[WhiteTeam "Russkaya shakhmatnaya shkola-2 (g. Moskva)"]
[BlackTeam "Severnyy kharakter (g. Moskva)"]
[WhiteFideId "24289167"]
[BlackFideId "24198900"]
[EventDate "2022.05.01"]

1. d4 Nf6 2. c4 g6 3. Nc3 Bg7 4. g3 d5 5. Bg2 dxc4 6. Nf3 O-O 7. O-O c5 8. d5
Nbd7 9. e4 Ng4 10. Nd2 Nge5 11. Qe2 Nb6 12. a4 a5 13. h3 e6 14. f4 Nd3 15. Nxc4
Nxc1 16. Raxc1 exd5 17. Nxb6 Qxb6 18. e5 d4 19. Nd5 Qb3 20. Kh2 Be6 21. Rxc5
Rfd8 22. Qb5 Qa2 23. f5 gxf5 24. Nb6 Bf8 25. Bd5 Bxd5 26. Rxd5 Rxd5 27. Nxd5 Rd8
28. Nf6+ Kh8 29. Rxf5 Qb1 30. Rf2 d3 31. Qxb7 d2 32. Qxf7 Qg6 0-1

[Event "TCh-RUS HL 2022"]
[Site "Sochi RUS"]
[Date "2022.05.01"]
[Round "1.4"]
[Board "3"]
[White "Sutormin, Danila"]
[Black "Tarasenko, Iaroslav"]
[Result "1-0"]
[WhiteTitle "FM"]
[WhiteElo "2384"]
[BlackElo "2013"]
[WhiteTeam "Severnyy kharakter (g. Moskva)"]
[BlackTeam "Russkaya shakhmatnaya shkola-2 (g. Moskva)"]
[WhiteFideId "24108669"]
[BlackFideId "44196008"]
[EventDate "2022.05.01"]

1. e4 c5 2. Nf3 d6 3. d4 cxd4 4. Nxd4 Nf6 5. Nc3 a6 6. h3 e5 7. Nf3 Be7 8. g4
Be6 9. Ng5 O-O 10. Nxe6 fxe6 11. g5 Ne8 12. Qg4 Qc8 13. Be3 Nc6 14. O-O-O b5 15.
Kb1 Nd4 16. Bd3 Nc6 17. h4 Nb4 18. Be2 Nxc2 19. Kxc2 b4 20. Rd3 Kh8 21. Kb1 bxc3
22. Rxc3 Qd7 23. Rhc1 Rd8 24. Bxa6 d5 25. exd5 exd5 26. Qxd7 Rxd7 27. Bc8 Rd8
28. Bb6 Nd6 29. Bxd8 Rxd8 30. Be6 d4 31. Rc5 e4 32. Rd5 Rf8 33. Rc7 1-0

[Event "TCh-RUS HL 2022"]
[Site "Sochi RUS"]
[Date "2022.05.01"]
[Round "1.4"]
[Board "4"]
[White "Yurasov, Matfey"]
[Black "Ufimtsev, Egor"]
[Result "1-0"]
[WhiteElo "1723"]
[BlackElo "2216"]
[WhiteTeam "Russkaya shakhmatnaya shkola-2 (g. Moskva)"]
[BlackTeam "Severnyy kharakter (g. Moskva)"]
[WhiteFideId "55617603"]
[BlackFideId "4146336"]
[EventDate "2022.05.01"]

1. d4 d5 2. c4 c6 3. Nf3 e6 4. Qc2 dxc4 5. Qxc4 b5 6. Qc2 Bb7 7. e4 Nf6 8. Bg5
Be7 9. Bd3 h6 10. Bxf6 Bxf6 11. e5 Be7 12. Nc3 Nd7 13. O-O c5 14. Be4 Bxe4 15.
Qxe4 b4 16. Ne2 c4 17. d5 exd5 18. Qxd5 Nb6 19. Qe4 O-O 20. Nf4 Qc7 21. Nh5 g6
22. Nf4 Bg5 23. h4 Bxf4 24. Qxf4 Kh7 25. h5 Na4 26. Qh4 Rae8 27. b3 Nc3 28.
hxg6+ fxg6 29. Rfe1 cxb3 30. axb3 a5 31. e6 Rf5 32. Qd4 Qc5 33. Qd7+ Qe7 34. Nd4
Rd5 35. Qxe7+ Rxe7 36. Nc6 Re8 37. Rxa5 Rxa5 38. Nxa5 Kg7 39. Nc6 Nd5 40. Re5
Nc7 41. e7 Kf6 42. Ra5 Ke6 43. Nxb4 Kxe7 44. Nd3 Rd8 45. Ne5 Rd1+ 46. Kh2 Kf6
47. Ng4+ Kg7 48. Ra7 Rc1 49. Ne3 Kg8 50. b4 Nb5 51. Rb7 Nd4 52. Nd5 Rd1 53. Ne7+
Kg7 54. Nf5+ Kf6 55. Nxh6 Rd2 56. Ng4+ Kg5 57. Kh3 Rb2 58. g3 Nf3 59. Rb5+ 1-0

[Event "TCh-RUS HL 2022"]
[Site "Sochi RUS"]
[Date "2022.05.02"]
[Round "2.1"]
[Board "1"]
[White "Shomoev, Anton"]
[Black "Bocharov, Dmitry"]
[Result "1/2-1/2"]
[WhiteTitle "GM"]
[BlackTitle "GM"]
[WhiteElo "2576"]
[BlackElo "2516"]
[WhiteTeam "Yuzhnyy Ural - 2 (Chelyabinskaya oblast)"]
[BlackTeam "Sbornaya Novosibirskoy oblasti"]
[WhiteFideId "4135148"]
[BlackFideId "4138716"]
[EventDate "2022.05.01"]

1. e4 c5 2. Nf3 d6 3. d4 cxd4 4. Nxd4 Nf6 5. Nc3 a6 6. Be3 e5 7. Nb3 Be6 8. f3
h5 9. Qd2 Nbd7 10. Nd5 Bxd5 11. exd5 g6 12. Be2 Bg7 13. O-O O-O 14. Na5 Qc7 15.
c4 b6 16. Nc6 a5 17. Bd1 Nc5 18. g4 hxg4 19. fxg4 Rae8 20. g5 Nfd7 21. h4 e4 22.
h5 Ne5 23. Nxe5 Bxe5 24. Bg4 Nd3 25. hxg6 fxg6 26. Be6+ Kg7 27. Qg2 Nf4 28. Qg4
Nxe6 29. dxe6 Qxc4 30. Rxf8 Rxf8 31. Rc1 Qd3 32. Qh3 Kg8 33. Kh1 Re8 34. Qh6 Bg7
35. Qxg6 Rf8 36. e7 Rf1+ 37. Rxf1 Qxf1+ 38. Kh2 Qe2+ 39. Kh1 Qf1+ 40. Kh2 Qe2+ 1/2-1/2

[Event "TCh-RUS HL 2022"]
[Site "Sochi RUS"]
[Date "2022.05.02"]
[Round "2.1"]
[Board "2"]
[White "Kezin, Roman"]
[Black "Baigildin, Albert"]
[Result "1-0"]
[WhiteTitle "IM"]
[WhiteElo "2510"]
[BlackElo "2301"]
[WhiteTeam "Sbornaya Novosibirskoy oblasti"]
[BlackTeam "Yuzhnyy Ural - 2 (Chelyabinskaya oblast)"]
[WhiteFideId "24124621"]
[BlackFideId "4131541"]
[EventDate "2022.05.01"]

1. d4 Nf6 2. c4 b6 3. Nc3 Bb7 4. Qc2 d5 5. cxd5 Nxd5 6. e4 Nxc3 7. bxc3 e5 8.
Nf3 exd4 9. Bb5+ c6 10. Bc4 b5 11. Bd3 dxc3 12. O-O Qa5 13. e5 Qa4 14. Qxc3 Nd7
15. Rb1 Be7 16. Bg5 Qa3 17. Rb3 Qc5 18. e6 Nf6 19. exf7+ Kf8 20. Qb2 Ng4 21.
Bxe7+ Qxe7 22. Re1 Qf6 23. Qa3+ Kxf7 24. Bc4+ bxc4 25. Rxb7+ Kg6 26. Rbe7 1-0

[Event "TCh-RUS HL 2022"]
[Site "Sochi RUS"]
[Date "2022.05.02"]
[Round "2.1"]
[Board "3"]
[White "Yumakhuzhin, Vadim"]
[Black "Obgolts, Erik"]
[Result "0-1"]
[BlackTitle "FM"]
[WhiteElo "2077"]
[BlackElo "2437"]
[WhiteTeam "Yuzhnyy Ural - 2 (Chelyabinskaya oblast)"]
[BlackTeam "Sbornaya Novosibirskoy oblasti"]
[WhiteFideId "4113241"]
[BlackFideId "24199044"]
[EventDate "2022.05.01"]

1. e4 c5 2. Nf3 e6 3. d4 cxd4 4. Nxd4 Nf6 5. Nc3 Nc6 6. Nxc6 bxc6 7. e5 Nd5 8.
Ne4 Qc7 9. f4 Qb6 10. c4 Bb4+ 11. Ke2 f5 12. Nf2 Ba6 13. Kf3 Ne7 14. Be3 Bc5 15.
Bxc5 Qxc5 16. Qd6 Qa5 17. h4 Rd8 18. Be2 Nc8 19. Qd4 O-O 20. Rhd1 d6 21. exd6
Nxd6 22. Qe3 Rfe8 23. c5 Bxe2+ 24. Kxe2 Nc4 25. Rxd8 Nxe3 26. Rxe8+ Kf7 27. Rh8
Nxg2 28. Nd3 Qa4 29. Rf1 Qc2+ 30. Kf3 Qxd3+ 31. Kxg2 Qd5+ 32. Kh3 Qxa2 33. Rb8
Qc4 34. Ra1 Qxc5 35. Rb7+ Kf6 36. Raxa7 Qe3+ 37. Kg2 Qe2+ 38. Kg1 Qg4+ 39. Kf1
Qxf4+ 40. Ke2 Qxh4 41. Rf7+ Ke5 42. Rxg7 Qh2+ 43. Kd3 Qxb2 44. Rxh7 c5 45. Rhb7
Qd4+ 46. Ke2 c4 47. Rd7 Qb2+ 48. Rd2 Qb5 49. Rda2 c3+ 50. Kf2 Qc5+ 51. Ke2 c2 0-1

[Event "TCh-RUS HL 2022"]
[Site "Sochi RUS"]
[Date "2022.05.02"]
[Round "2.1"]
[Board "4"]
[White "Khubukshanov, Erdem"]
[Black "Safin, Timur"]
[Result "1-0"]
[WhiteTitle "FM"]
[WhiteElo "2392"]
[BlackElo "2203"]
[WhiteTeam "Sbornaya Novosibirskoy oblasti"]
[BlackTeam "Yuzhnyy Ural - 2 (Chelyabinskaya oblast)"]
[WhiteFideId "54114527"]
[BlackFideId "34134937"]
[EventDate "2022.05.01"]

1. e4 e6 2. d4 d5 3. e5 c5 4. c3 Qb6 5. Nf3 Nc6 6. Bd3 cxd4 7. O-O Nge7 8. Re1
Bd7 9. h4 h6 10. h5 Rc8 11. Nbd2 dxc3 12. bxc3 Na5 13. Rb1 Qc7 14. Nb3 Nxb3 15.
axb3 Qxc3 16. b4 a6 17. Be3 Qc7 18. b5 Bxb5 19. Bxb5+ axb5 20. Rxb5 Nc6 21. Qb3
Nd8 22. Bb6 Qc4 23. Bxd8 Rxd8 24. Qb1 Ba3 25. Nd2 Qf4 26. Re3 Rc8 27. Qa2 Rc1+
28. Nf1 Qa4 29. Qxa3 Rxf1+ 30. Kxf1 Qxb5+ 31. Kg1 Qa6 32. Qb4 Qc4 33. Qd6 Qc8
34. Qb4 f5 35. exf6 gxf6 36. Rc3 Qd7 37. Qf4 Rf8 38. Rc7 e5 39. Qc1 Qg4 40. Qa1
Kd8 41. Rxb7 Qc8 42. Qa5+ 1-0

[Event "TCh-RUS HL 2022"]
[Site "Sochi RUS"]
[Date "2022.05.02"]
[Round "2.2"]
[Board "1"]
[White "Manelyuk, Daniil"]
[Black "Belyakov, Bogdan"]
[Result "1/2-1/2"]
[WhiteTitle "FM"]
[BlackTitle "IM"]
[WhiteElo "2246"]
[BlackElo "2457"]
[WhiteTeam "Tulskaya oblast"]
[BlackTeam "Qmal (QNAO)"]
[WhiteFideId "44173920"]
[BlackFideId "24104795"]
[EventDate "2022.05.01"]

1. e4 c5 2. Nf3 Nf6 3. Nc3 d5 4. exd5 Nxd5 5. Bc4 Nb6 6. Bb5+ Bd7 7. a4 a6 8.
Bxd7+ N6xd7 9. d4 cxd4 10. Nxd4 e6 11. O-O Be7 12. Qf3 Qc8 13. Re1 O-O 14. a5
Nf6 15. Ra4 Nbd7 16. Bf4 Re8 17. Nb3 b5 18. axb6 Nxb6 19. Rd4 Nbd5 20. Bd2 Nxc3
21. bxc3 Rd8 22. Na5 Re8 23. Nc6 Nd5 24. Nxe7+ Nxe7 25. Ra1 Nc6 26. Rda4 Rd8 27.
Be3 Qd7 28. h3 a5 29. Bb6 Rdb8 30. Bc5 Rb5 31. Qe3 Rab8 32. c4 Rb1+ 33. Kh2 Rxa1
34. Rxa1 Qc7+ 35. Qg3 e5 36. Rd1 Re8 37. Bd6 Qc8 38. Rd5 f6 39. c3 Qe6 40. Ba3
Rc8 41. Qd3 e4 42. Qe3 h6 43. Qb6 Rb8 44. Qc7 Rc8 45. Qb7 Rb8 46. Qc7 Rc8 47.
Qb7 Rb8 1/2-1/2

[Event "TCh-RUS HL 2022"]
[Site "Sochi RUS"]
[Date "2022.05.02"]
[Round "2.2"]
[Board "2"]
[White "Savitskiy, Sergey"]
[Black "Pogosian, Manvel"]
[Result "0-1"]
[WhiteTitle "IM"]
[BlackTitle "FM"]
[WhiteElo "2401"]
[BlackElo "2353"]
[WhiteTeam "Qmal (QNAO)"]
[BlackTeam "Tulskaya oblast"]
[WhiteFideId "24105660"]
[BlackFideId "13503936"]
[EventDate "2022.05.01"]

1. e4 c6 2. Nf3 d5 3. d3 Bg4 4. h3 Bxf3 5. Qxf3 e6 6. g3 Nd7 7. Bg2 h5 8. O-O h4
9. exd5 cxd5 10. c4 dxc4 11. dxc4 hxg3 12. fxg3 Bc5+ 13. Kh1 Ngf6 14. Nc3 Ne5
15. Qe2 Nfg4 16. Ne4 Be7 17. Bf4 Qd3 18. Rae1 O-O-O 19. c5 f6 20. Nd6+ Bxd6 21.
cxd6 Qxe2 22. Rxe2 Rxd6 23. Kg1 Nh6 24. Bxe5 fxe5 25. g4 Re8 26. Rxe5 Re7 27.
Rc5+ Rc7 28. Rf8+ Rd8 29. Rxc7+ Kxc7 30. Rxd8 Kxd8 31. Bxb7 Kc7 32. Be4 Kd6 33.
Kf2 Ke5 34. Ke3 g5 35. b4 Nf7 36. a4 Nd6 37. Bd3 Kd5 38. a5 e5 39. Bf1 e4 40.
Be2 Nb7 41. Ba6 Nd6 42. Bf1 Nb7 43. h4 gxh4 44. g5 Ke5 45. Bh3 Nd6 46. Bd7 Nf5+
47. Kf2 e3+ 48. Kg1 h3 49. Bb5 Nd4 50. Bf1 Nf3+ 51. Kh1 Nxg5 52. b5 Kd6 53. Kh2
Nf3+ 54. Kg3 Ng1 55. Bd3 e2 56. Kf2 e1=Q+ 57. Kxe1 0-1